MLB Top 5 NL MVP Voting 1980s - Statistics

General Stats
  • This quiz has been taken 89 times
    24 since last reset
  • The average score is 36 of 50
Answer Stats
Year Team Player % Correct
1980: 2 Expos Gary Carter
100%
1986: 3 Mets Gary Carter
100%
1980: 1 Phillies Mike Schmidt
100%
1981: 1 Phillies Mike Schmidt
100%
1983: 3 Phillies Mike Schmidt
100%
1986: 1 Phillies Mike Schmidt
100%
1984: 1 Cubs Ryne Sandberg
100%
1989: 4 Cubs Ryne Sandberg
100%
1981: 2 Expos Andre Dawson
95%
1983: 2 Expos Andre Dawson
95%
1987: 1 Cubs Andre Dawson
95%
1985: 4 Mets Dwight Gooden
95%
1982: 2 Cardinals Lonnie Smith
95%
1987: 2 Cardinals Ozzie Smith
95%
1982: 1 Braves Dale Murphy
90%
1983: 1 Braves Dale Murphy
90%
1983: 5 Expos Tim Raines
90%
1988: 2 Mets Darryl Strawberry
86%
1987: 3 Cardinals Jack Clark
86%
1984: 2 Mets Keith Hernandez
86%
1986: 4 Mets Keith Hernandez
86%
1984: 3 Padres Tony Gwynn
86%
1987: 5 Giants Will Clark
86%
1988: 5 Giants Will Clark
86%
1989: 2 Giants Will Clark
86%
1981: 5 Dodgers Fernando Valenzuela
76%
1981: 3 Reds George Foster
76%
1989: 5 Mets Howard Johnson
76%
1988: 1 Dodgers Kirk Gibson
71%
1984: 4 Cubs Rick Sutcliffe
71%
1985: 1 Cardinals Willie McGee
71%
1980: 3 Astros José Cruz
67%
1989: 1 Giants Kevin Mitchell
67%
1980: 5 Phillies Steve Carlton
62%
1985: 2 Reds Dave Parker
57%
1986: 5 Reds Dave Parker
57%
1986: 2 Astros Glenn Davis
57%
1983: 4 Dodgers Pedro Guerrero
57%
1985: 3 Dodgers Pedro Guerrero
57%
1989: 3 Cardinals Pedro Guerrero
57%
1982: 5 Cardinals Bruce Sutter
52%
1987: 4 Expos Tim Wallach
52%
1980: 4 Dodgers Dusty Baker
48%
1981: 4 Reds Dave Concepción
33%
1985: 5 Cardinals Tom Herr
33%
1988: 3 Mets Kevin McReynolds
29%
1982: 3 Expos Al Oliver
24%
1984: 5 Cubs Gary Matthews
24%
1988: 4 Pirates Andy Van Slyke
14%
1982: 3 Dodgers Pedro Guerrero
0%
No matching quizzes found
Score Distribution
Percent of People with Each Score
Percentile by Number Answered
Your Score History
You have not taken this quiz since the last reset